Estadísticas para Máximo Goleador de la UEFA Champions League/Copa de Europa

Haz click aquí para intentar la prueba.

Estadísticas generales

  • Esta prueba ha sido intentada 248 veces
  • La puntuación promedio es 25 de 64

Estadísticas de respuestas

añoPlayerGoals% Correcto
All TimeCristiano Ronaldo120
100%
2007-08Cristiano Ronaldo8
100%
2017-18Cristiano Ronaldo15
100%
2016-17Cristiano Ronaldo12
100%
2015-16Cristiano Ronaldo16
100%
2012-13Cristiano Ronaldo12
100%
2013-14Cristiano Ronaldo17
100%
2014-15Cristiano Ronaldo, Neymar and Lionel Messi10
100%
2009-10Lionel Messi8
100%
2010-11Lionel Messi12
100%
2011-12Lionel Messi14
100%
2008-09Lionel Messi9
100%
1999-00Raúl, Mário Jardel and Rivaldo10
78%
2000-01Raúl7
77%
1957-58Alfredo Di Stéfano10
74%
1959-60Ferenc Puskás12
64%
1963-64Vladica Kovačević, Sandro Mazzola and Ferenc Puskás7
64%
1972-73Gerd Müller11
56%
1973-74Gerd Müller8
56%
1974-75Gerd Müller and Eduard Markarov5
56%
1976-77Gerd Müller and Franco Cucinotta5
56%
2006-07Kaká10
50%
1988-89Marco van Basten10
49%
1989-90Jean-Pierre Papin and Romário6
46%
2005-06Andriy Shevchenko9
42%
1998-99Andriy Shevchenko and Dwight Yorke8
42%
1964-65Eusébio and José Torres9
40%
1997-98Alessandro Del Piero10
34%
1967-68Eusébio6
34%
1965-66Eusébio and Flórián Albert7
34%
2004-05Ruud van Nistelrooy8
34%
2002-03Ruud van Nistelrooy12
34%
2001-02Ruud van Nistelrooy10
34%
1984-85Torbjörn Nilsson and Michel Platini7
29%
2003-04Fernando Morientes9
27%
1990-91Jean-Pierre Papin and Peter Pacult6
25%
1991-92Jean-Pierre Papin and Sergei Yuran7
25%
1994-95George Weah7
20%
1987-88Gheorghe Hagi, Jean-Marc Ferreri, Rabah Madjer, Ally McCoist, Michel and Rui Águas4
16%
1993-94Hristo Stoichkov5
16%
1982-83Paolo Rossi6
11%
1995-96Jari Litmanen9
9%
1980-81Terry McDermott, Graeme Souness and Karl-Heinz Rummenigge6
9%
1985-86Torbjörn Nilsson6
9%
1958-59Just Fontaine10
8%
1960-61José Águas11
7%
1971-72Johan Cryuff, Antal Dunai, Lou Macari and Silvester Takač5
5%
1977-78Allan Simonsen5
4%
1968-69Denis Law9
4%
1962-63José Altafini14
4%
1975-76Jupp Heynckes6
3%
1996-97Milinko Pantić5
2%
1955-56Miloš Milutinović8
2%
1970-71Antonis Antoniadis10
1%
1956-57Dennis Viollet9
1%
1981-82Dieter Hoeneß7
1%
1992-93Franck Sauzée5
1%
1966-67Jürgen Piepenburg and Paul Van Himst6
1%
1969-70Mick Jones8
1%
1986-87Borislav Cvetković7
0%
1978-79Claudio Sulser11
0%
1961-62Heinz Strehl8
0%
1979-80Søren Lerby10
0%
1983-84Viktor Sokol6
0%

Distribución de puntuación

Porcentaje por número respondido

Porcentaje de gente con cada puntuación

Historial de tus puntuaciones

No has intentado esta prueba.